|
|
|
|
| LEADER |
01244nam a2200289 a 4500 |
| 001 |
14374312 |
| 003 |
BD-DhAAL |
| 005 |
20230712114532.0 |
| 008 |
110608s2006 bg b 000 0 ben d |
| 010 |
|
|
|a 2006554137
|
| 020 |
|
|
|a 98444518608
|
| 040 |
|
|
|a DLC
|c DLC
|d BD-DhAAL.
|
| 041 |
|
|
|a ben
|
| 082 |
0 |
0 |
|a 305.4095492
|2 22
|
| 100 |
1 |
|
|a সালাহউদ্দিন, খালেদা.
|9 18394
|
| 245 |
1 |
0 |
|a একুশ শতকে বাংলাদেশের নারী /
|c খালেদা সালাহউদ্দিন.
|
| 246 |
1 |
|
|i Title on t.p. verso:
|a Ekush shatake Bangladesher nari
|
| 260 |
|
|
|a ঢাকা :
|b পালক পাবলিশার্স,
|c ২০০৬.
|
| 300 |
|
|
|a ৩১৯ পৃষ্ঠা ;
|c ২২ সে.মি.
|
| 504 |
|
|
|a Includes bibliographical references.
|
| 541 |
|
|
|e 23041
|
| 650 |
|
0 |
|a Women
|z Bangladesh
|x Social conditions.
|
| 650 |
|
0 |
|a Women
|z Bangladesh
|x Economic conditions.
|
| 852 |
4 |
|
|a Ayesha Abed Library
|j General shelf.
|
| 942 |
|
|
|2 ddc
|c BK
|
| 999 |
|
|
|c 10953
|d 10953
|
| 952 |
|
|
|0 0
|1 0
|2 ddc
|4 0
|6 305_409549200000000_SAL
|7 0
|9 17153
|a BIGD
|b BIGD
|c GEN
|d 2011-06-08
|e Badhan Books
|g 300.00
|l 0
|o 305.4095492 SAL
|p 3050023041
|r 2011-06-08
|t 1
|w 2011-06-08
|y BK
|x Transfer from BDI to BIGD.
|